[Event "Sant Adria de Besos op-B 1st"]
[Site "Sant Adria de Besos"]
[Date "2017.08.15"]
[Round "7"]
[White "Martin Sanchez, Antoni"]
[Black "Recio Reyes, Sergio"]
[Result "1-0"]
[WhiteElo "1635"]
[BlackElo "1825"]
[PlyCount "79"]
[EventDate "2017.08.11"]
[EventType "swiss"]
[EventRounds "9"]
[EventCountry "ESP"]
[SourceTitle "EXT 2019"]
[Source "ChessBase"]
[SourceDate "2018.10.10"]
[SourceVersion "1"]
[SourceVersionDate "2018.10.10"]
[SourceQuality "1"]

1. d4 d5 2. Nf3 Nf6 3. h3 Bf5 4. e3 e6 5. Bd3 Ne4 6. 0-0 g5 7. Nbd2 g4 8. hxg4 Nxd2 9. Nxd2 Bxd3 10. cxd3 Bd6 11. f4 Qh4 12. Qf3 h5 13. g5 Nc6 14. a3 0-0-0 15. g3 Qh3 16. Rf2 h4 17. g4 Qxf3 18. Nxf3 Rdg8 19. Kh2 f6 20. Kh3 fxg5 21. Nxg5 e5 22. dxe5 Be7 23. Nf3 Kd7 24. Bd2 b5 25. b4 Ra8 26. Bc3 Rh7 27. Nd4 Nxd4 28. exd4 Rg7 29. Rg1 a5 30. bxa5 Bxa3 31. f5 b4 32. Ra1 Rxa5 33. Rfa2 c5 34. dxc5 Rxc5 35. e6+ Kd6 36. Bxg7 Rc7 37. Bb2 Bxb2 38. Rxb2 Rc3 39. Rxb4 Rxd3+ 40. Kxh4 1-0